| 000 | 00537nam a2200157 a 4500 | ||
|---|---|---|---|
| 001 | 000032251 | ||
| 005 | 20200930063546.0 | ||
| 008 | 110406s1905 dr 000 0 spa d | ||
| 040 |
_aDO-SdBNP _bspa _cBNPHU |
||
| 082 |
_axxx _bR426m |
||
| 110 | 1 |
_aRepública Dominicna _958310 |
|
| 245 | 1 | 0 | _aMensaje y memorias del poder ejecutivo de la República Dominicana presentado al Congreso Nacional en la la legistura de 1905. |
| 260 |
_aSanto Domingo : _bImprenta "Cuna de América, _c1905. |
||
| 300 |
_a418 p. : _b. ; _c30 cm. |
||
| 049 | _aBNPD | ||
| 999 |
_c31742 _d31742 |
||